000 00302nam a22001217a 4500
020 _a9789350562833
082 _a637.1
_bSWA/MI
100 _aSwarup,Abha
_9367
245 _aMilk Processing Technology
260 _aNew Del0hi
_b0Discovery Publishing House Pvt. Ltd0
_c2013
300 _a317
942 _cBK
999 _c14275
_d14275